Preacher's Daughter- Album (Ethel Cain) - Statistics

General Stats
  • This quiz has been taken 143 times
    140 since last reset
  • The average score is 12 of 13
Answer Stats
Hint Answer % Correct
3. A House In Nebraska
97%
13. Strangers
96%
2. American Teenager
95%
5. Family Tree
95%
1. Family Tree (Intro)
95%
12. Sun Bleached Flies
93%
11. Televangelism
91%
8. Gibson Girl
90%
9. Ptolemaea
89%
6. Hard Times
88%
10. August Underground
86%
7. Thoroughfare
85%
4. Western Nights
84%
No matching quizzes found
Score Distribution
Percent of People with Each Score
Percentile by Number Answered
Your Score History
You have not taken this quiz since the last reset